000 00723nam a22002297a 4500
003 UA-OsUOA
001 36463
007 ta
008 20060126b un ||||| |||| 00| 0 ukr d
100 _aНіколенко О.М.
700 _aШаповалова Л.В.
090 _a82
_bН11
942 _cSA
040 _aUA-OsUOA
_bukr
_cUA-OsUOA
_dUA-OsUOA
245 _aВідчути пульс життя через "оголене серце" поета (До вивчення збірки Ш. Бодлера "Квіти зла")
300 _aС.21-32
955 _a0
041 _aukr
080 _a82
773 0 _w36459
650 7 _a82 Література. Літературознавство
_2UDC
999 _c322700
_d322700